[Event "SVK-ch U14"]
[Site "Liptovsky Mikulas"]
[Date "2018.04.21"]
[Round "1"]
[White "Valigursky, Michal"]
[Black "Kapec, Kristian"]
[Result "0-1"]
[WhiteElo "1659"]
[BlackElo "1307"]
[PlyCount "118"]
[EventDate "2018.04.21"]
[EventType "swiss"]
[EventRounds "9"]
[EventCountry "SVK"]
[SourceTitle "CBM 184 Extra"]
[Source "ChessBase"]
[SourceDate "2018.06.28"]
[SourceVersion "1"]
[SourceVersionDate "2018.06.28"]
[SourceQuality "1"]

1. e4 e5 2. Nf3 Nc6 3. d4 exd4 4. Bc4 Be7 5. c3 dxc3 6. Qd5 Nh6 7. Bxh6 0-0 8. Bc1 Nb4 9. Qd1 c2 10. Qe2 cxb1Q 11. Rxb1 d5 12. exd5 Nxd5 13. Bxd5 Bb4+ 14. Bd2 Re8 15. Be4 Bf5 16. Bxf5 Rxe2+ 17. Kxe2 Bxd2 18. Nxd2 Qd5 19. Rhe1 Qxf5 20. Kf1 Qd3+ 21. Re2 h6 22. Rbe1 Re8 23. f3 Kf8 24. Ne4 b6 25. Nc3 Rxe2 26. Rxe2 b5 27. Kf2 b4 28. Ne4 f5 29. Rd2 Qb5 30. Ng3 Qc5+ 31. Kf1 Qc4+ 32. Kf2 f4 33. Ne2 Qxa2 34. Nxf4 Qa6 35. Nd5 Qb5 36. Ne3 a5 37. Rd5 Qb6 38. Ke2 c6 39. Rf5+ Kg8 40. Kd3 c5 41. Nd5 Qb5+ 42. Kd2 Qd7 43. Ke3 Qe6+ 44. Kd2 c4 45. g4 c3+ 46. bxc3 bxc3+ 47. Nxc3 Qd6+ 48. Ke3 Qxh2 49. Rxa5 Qg1+ 50. Ke2 Qh2+ 51. Ke3 Qc7 52. Ra8+ Kh7 53. Nd5 Qe5+ 54. Kf2 Qxd5 55. Ra6 Qd2+ 56. Kg3 Qe1+ 57. Kf4 g5+ 58. Kf5 Qb1+ 59. Kf6 Qg6+ 0-1

[Event "SVK-chT4 A21 1718"]
[Site "Slovakia"]
[Date "2017.12.10"]
[Round "6.1"]
[White "Podjavorinsky, Michal"]
[Black "Valigursky, Michal"]
[Result "1-0"]
[WhiteElo "1870"]
[BlackElo "1731"]
[PlyCount "71"]
[EventDate "2017.10.01"]
[EventType "team-tourn"]
[EventRounds "11"]
[EventCountry "SVK"]
[SourceTitle "EXT 2019"]
[Source "ChessBase"]
[SourceDate "2018.10.10"]
[SourceVersion "1"]
[SourceVersionDate "2018.10.10"]
[SourceQuality "1"]
[WhiteTeam "Vrbove II"]
[BlackTeam "Stefanov"]
[WhiteTeamCountry "SVK"]
[BlackTeamCountry "SVK"]

1. e4 e5 2. Nf3 Nc6 3. d4 exd4 4. Bc4 Nf6 5. e5 d5 6. Bb5 Ne4 7. Nxd4 Bd7 8. Bxc6 bxc6 9. 0-0 Bc5 10. Be3 0-0 11. f3 Ng5 12. Qd2 Bxd4 13. Bxd4 Bf5 14. Nc3 Ne6 15. Bf2 d4 16. Ne2 c5 17. Ng3 Bg6 18. f4 f5 19. Rad1 Qd5 20. b3 Rad8 21. c3 Be8 22. cxd4 Bb5 23. Rfe1 Bc6 24. Be3 cxd4 25. Qe2 Ba8 26. Bc1 d3 27. Qf2 Nc5 28. Be3 Ne4 29. Nxe4 fxe4 30. Rd2 g5 31. Qg3 Rf5 32. Rc1 Kh8 33. Qh3 Rf7 34. Rc5 Qb7 35. e6 Rxf4 36. e7 1-0

[Event "Liptovsky Mikulas CupT U20"]
[Site "Liptovsky Mikulas"]
[Date "2017.06.22"]
[Round "2.3"]
[White "Valigursky, Michal"]
[Black "Demko, Robert"]
[Result "1-0"]
[WhiteElo "1713"]
[BlackElo "1730"]
[PlyCount "37"]
[EventDate "2017.06.21"]
[EventType "team-swiss"]
[EventRounds "8"]
[EventCountry "SVK"]
[SourceTitle "CBM 179 Extra"]
[Source "ChessBase"]
[SourceDate "2017.08.23"]
[SourceVersion "1"]
[SourceVersionDate "2017.08.23"]
[SourceQuality "1"]
[WhiteTeam "Bratislava KSN"]
[BlackTeam "Interchess"]
[WhiteTeamCountry "SVK"]
[BlackTeamCountry "CZE"]

1. e4 c5 2. Nf3 d6 3. c3 Nf6 4. Bd3 Nc6 5. Bc2 Bg4 6. 0-0 e6 7. d4 cxd4 8. cxd4 Qb6 9. d5 Ne5 10. Nc3 0-0-0 11. Be3 Qa5 12. Ba4 Kb8 13. a3 a6 14. b4 Qc7 15. Rc1 Nxf3+ 16. gxf3 Bh3 17. Nb5 Qe7 18. Qd4 b6 19. Qxb6+ 1-0

[Event "SVK-ch U14"]
[Site "Liptovsky Mikulas"]
[Date "2017.04.25"]
[Round "6"]
[White "Valigursky, Michal"]
[Black "Gyerpal, Adrian"]
[Result "1/2-1/2"]
[WhiteElo "1694"]
[BlackElo "1909"]
[PlyCount "85"]
[EventDate "2017.04.22"]
[EventType "swiss"]
[EventRounds "9"]
[EventCountry "SVK"]
[SourceTitle "CBM 178 Extra"]
[Source "ChessBase"]
[SourceDate "2017.06.22"]
[SourceVersion "1"]
[SourceVersionDate "2017.06.22"]
[SourceQuality "1"]

1. e4 c5 2. Nf3 Nc6 3. d4 cxd4 4. Nxd4 g6 5. Nc3 Bg7 6. Be3 Nf6 7. Bc4 Na5 8. Bb3 d6 9. f3 0-0 10. Qd2 Bd7 11. g4 a6 12. h4 h5 13. gxh5 Nxh5 14. Nd5 Re8 15. Nf4 Nxb3 16. Nxb3 Nxf4 17. Bxf4 Qc8 18. 0-0-0 f6 19. h5 gxh5 20. Rdg1 Kf7 21. Qg2 Rg8 22. Qg6+ Kf8 23. Bh6 Bxh6+ 24. Qxh6+ Kf7 25. Qh7+ Ke6 26. Nd4+ Ke5 27. c3 e6 28. Rxg8 Qxg8 29. Qxd7 Qg5+ 30. Kd1 Qg2 31. Qxe6+ Kf4 32. Qf5+ Ke3 33. Nc2+ Kf2 34. Re1 Qxf3+ 35. Qxf3+ Kxf3 36. Nd4+ Kf4 37. Ne6+ Ke5 38. Ng7 h4 39. Nf5 h3 40. Nh6 Kf4 41. Nf5 Ke5 42. Nh6 Kf4 43. Nf5 1/2-1/2

[Event "SVK-ch U14"]
[Site "Liptovsky Mikulas"]
[Date "2017.04.23"]
[Round "3"]
[White "Mezes, Kristof"]
[Black "Valigursky, Michal"]
[Result "0-1"]
[WhiteElo "1486"]
[BlackElo "1694"]
[PlyCount "46"]
[EventDate "2017.04.22"]
[EventType "swiss"]
[EventRounds "9"]
[EventCountry "SVK"]
[SourceTitle "CBM 178 Extra"]
[Source "ChessBase"]
[SourceDate "2017.06.22"]
[SourceVersion "1"]
[SourceVersionDate "2017.06.22"]
[SourceQuality "1"]

1. d4 d5 2. c4 e6 3. Nf3 c6 4. Nc3 f5 5. e3 Nf6 6. cxd5 exd5 7. Be2 Bd6 8. a3 Nbd7 9. b4 0-0 10. Qb3 Ne4 11. Bb2 Ndf6 12. Ng1 f4 13. Nh3 fxe3 14. fxe3 Bxh3 15. gxh3 Nxc3 16. Bxc3 Ne4 17. Rg1 Qh4+ 18. Kd1 Qf2 19. Rf1 Qxe3 20. Rxf8+ Rxf8 21. Rc1 Bf4 22. Rc2 Qg1+ 23. Be1 Nf2# 0-1

[Event "SVK-chT4 A21 1617"]
[Site "Slovakia"]
[Date "2016.10.09"]
[Round "1.2"]
[White "Miciak, Emanuel"]
[Black "Valigursky, Michal"]
[Result "1-0"]
[WhiteElo "1849"]
[BlackElo "1600"]
[PlyCount "47"]
[EventDate "2016.10.09"]
[EventType "team-tourn"]
[EventRounds "11"]
[EventCountry "SVK"]
[SourceTitle "CBM 175 Extra"]
[Source "ChessBase"]
[SourceDate "2016.12.12"]
[SourceVersion "1"]
[SourceVersionDate "2016.12.12"]
[SourceQuality "1"]
[WhiteTeam "Vrbove"]
[BlackTeam "Stefanov"]
[WhiteTeamCountry "SVK"]
[BlackTeamCountry "SVK"]

1. d4 d5 2. Nf3 Nf6 3. Bf4 c6 4. e3 Bf5 5. Nh4 Bg6 6. Be2 e6 7. Nd2 Qb6 8. Nb3 Nbd7 9. 0-0 c5 10. Rb1 Be7 11. Nxg6 hxg6 12. h3 Bd6 13. Bxd6 Qxd6 14. c3 Ne4 15. dxc5 Ndxc5 16. Nxc5 Nxc5 17. c4 Ne4 18. cxd5 exd5 19. Qa4+ Ke7 20. Rfd1 Rh5 21. Qb5 Nc5 22. b4 Ne4 23. Rxd5 Nc3 24. Qxb7+ 1-0

[Event "SVK-chT5 1516"]
[Site "Slovakia"]
[Date "2015.11.14"]
[Round "2.2"]
[White "Valigursky, Michal"]
[Black "Kastler, Peter"]
[Result "0-1"]
[WhiteElo "1487"]
[BlackElo "1751"]
[PlyCount "67"]
[EventDate "2015.10.24"]
[EventType "team-tourn"]
[EventRounds "9"]
[EventCountry "SVK"]
[SourceTitle "CBM 170 Extra"]
[Source "ChessBase"]
[SourceDate "2016.02.25"]
[SourceVersion "1"]
[SourceVersionDate "2016.02.25"]
[SourceQuality "1"]
[WhiteTeam "Stefanov II"]
[BlackTeam "Gbely Nafta IV"]
[WhiteTeamCountry "SVK"]
[BlackTeamCountry "SVK"]

1. e4 e6 2. d3 d5 3. Nd2 Bd6 4. g3 Nf6 5. Bg2 0-0 6. Ngf3 Nbd7 7. Qe2 dxe4 8. dxe4 Be7 9. 0-0 b6 10. e5 Nd5 11. c4 Nb4 12. Nd4 Rb8 13. a3 c5 14. Qg4 cxd4 15. axb4 Nxe5 16. Qe4 Qc7 17. Qf4 Bxb4 18. Ne4 Bd6 19. Qh4 Be7 20. Qh5 a5 21. Ra3 Bb7 22. Bf4 f6 23. Rb3 Bxe4 24. Bxe4 f5 25. Bd3 Bd6 26. Qe2 Rfe8 27. Rb5 Nxd3 28. Bxd6 Qxd6 29. Qxd3 Rbc8 30. b3 Rc5 31. Rxc5 bxc5 32. Ra1 Qb6 33. Qc2 Rb8 34. Ra3 0-1

[Event "SVK-ch U12"]
[Site "Tatralandia"]
[Date "2015.04.22"]
[Round "6"]
[White "Valigursky, Michal"]
[Black "Cedzo, Adam"]
[Result "1/2-1/2"]
[WhiteElo "1494"]
[BlackElo "1000"]
[PlyCount "72"]
[EventDate "2015.04.18"]
[EventType "swiss"]
[EventRounds "9"]
[EventCountry "SVK"]
[SourceTitle "CBM 166 Extra"]
[Source "ChessBase"]
[SourceDate "2015.06.18"]
[SourceVersion "1"]
[SourceVersionDate "2015.06.18"]
[SourceQuality "1"]

1. e4 e5 2. Nf3 Nc6 3. Bb5 d6 4. d4 Bd7 5. Bxc6 Bxc6 6. d5 Bb5 7. b3 Nf6 8. c4 Bd7 9. Nc3 Be7 10. 0-0 c6 11. Re1 0-0 12. Bb2 Qc8 13. Qd3 Bd8 14. Ne2 Bb6 15. Ng3 Ng4 16. Rf1 a6 17. h3 Nf6 18. Rad1 Bxh3 19. gxh3 Qxh3 20. Nh2 Ng4 21. Nxg4 Qxg4 22. Qe2 Qxg3+ 23. Kh1 Qg6 24. Rg1 Qh6+ 25. Kg2 Qg5+ 26. Kf1 Qh4 27. Qf3 cxd5 28. Rxd5 Bc5 29. Bxe5 dxe5 30. Rxc5 Rfe8 31. Rc7 Re7 32. Rc5 Rd8 33. Rxe5 Rd1+ 34. Qxd1 Rxe5 35. f3 Qh3+ 36. Kf2 Qh4+ 1/2-1/2

[Event "SVK-ch U12"]
[Site "Tatralandia"]
[Date "2015.04.20"]
[Round "4"]
[White "Valigursky, Michal"]
[Black "Matis, Daniel"]
[Result "1/2-1/2"]
[WhiteElo "1494"]
[BlackElo "1640"]
[PlyCount "99"]
[EventDate "2015.04.18"]
[EventType "swiss"]
[EventRounds "9"]
[EventCountry "SVK"]
[SourceTitle "CBM 166 Extra"]
[Source "ChessBase"]
[SourceDate "2015.06.18"]
[SourceVersion "1"]
[SourceVersionDate "2015.06.18"]
[SourceQuality "1"]

1. e4 e5 2. Nf3 Nc6 3. Bb5 d6 4. d4 exd4 5. Qxd4 Bd7 6. Bxc6 Bxc6 7. Nc3 Nf6 8. 0-0 Be7 9. Re1 0-0 10. Nd5 Nxd5 11. exd5 Bd7 12. Qd3 Re8 13. Bd2 h6 14. Nd4 Bf6 15. Ne2 Bg5 16. Bc3 c6 17. dxc6 Bxc6 18. Rad1 d5 19. Ng3 Qd7 20. Nf5 Re6 21. Nxg7 Rg6 22. Nf5 d4 23. Qxd4 Qxd4 24. Bxd4 Bf6 25. Ng3 Bxd4 26. Rxd4 Rc8 27. c3 Rc7 28. f3 Rg5 29. Ne4 Rb5 30. b4 Bxe4 31. Rexe4 Rxc3 32. a4 Rb6 33. Rc4 Ra3 34. b5 Ra2 35. Rf4 Rd6 36. h3 Rd7 37. Kh2 Kg7 38. Rg4+ Kh7 39. Rc8 h5 40. Rh4 Rdd2 41. Kh1 Rxg2 42. Rxh5+ Kg7 43. Rh4 Rgd2 44. Rg4+ Kf6 45. Rcc4 Rd1+ 46. Rg1 Rdd2 47. Rg3 Rd1+ 48. Rg1 Rdd2 49. Rg3 Rd1+ 50. Rg1 1/2-1/2

[Event "SVK-chT5 SE-SI 1415"]
[Site "Slovakia"]
[Date "2015.02.21"]
[Round "9.3"]
[White "Petras, Michal"]
[Black "Valigursky, Michal"]
[Result "0-1"]
[WhiteElo "1255"]
[BlackElo "1446"]
[PlyCount "40"]
[EventDate "2014.10.18"]
[EventType "team-tourn"]
[EventRounds "11"]
[EventCountry "SVK"]
[SourceTitle "EXT 2022"]
[Source "ChessBase"]
[SourceDate "2021.10.06"]
[SourceVersion "1"]
[SourceVersionDate "2021.10.06"]
[SourceQuality "1"]
[WhiteTeam "Sastin Straze"]
[BlackTeam "Stefanov II"]
[WhiteTeamCountry "SVK"]
[BlackTeamCountry "SVK"]

1. e4 e5 2. Bc4 Nf6 3. d3 Bc5 4. Nf3 Nc6 5. c3 0-0 6. 0-0 d5 7. exd5 Nxd5 8. Re1 Bg4 9. Nbd2 Nf4 10. Ne4 Bd6 11. Bxf4 exf4 12. Bd5 Ne5 13. Nxd6 Qxd6 14. Be4 f5 15. Bd5+ Qxd5 16. Rxe5 Qxe5 17. Nxe5 Bxd1 18. Rxd1 Rfe8 19. d4 Rad8 20. Rd3 Rxe5 0-1

[Event "SVK-ch U10"]
[Site "Stara Lubovna"]
[Date "2014.04.09"]
[Round "6"]
[White "Valigursky, Michal"]
[Black "Bobro, Jan"]
[Result "0-1"]
[WhiteElo "1299"]
[BlackElo "1291"]
[PlyCount "150"]
[EventDate "2014.04.05"]
[EventType "swiss"]
[EventRounds "9"]
[EventCountry "SVK"]
[SourceTitle "EXT 2016"]
[Source "ChessBase"]
[SourceDate "2015.10.08"]
[SourceVersion "1"]
[SourceVersionDate "2015.10.08"]
[SourceQuality "1"]

1. e4 e5 2. Nf3 Nf6 3. Nxe5 d6 4. Nf3 Nxe4 5. d3 Nf6 6. Bg5 Nc6 7. Nc3 Be7 8. Be2 0-0 9. 0-0 h6 10. Bh4 Be6 11. d4 d5 12. Bb5 Qd6 13. Bg3 Qd7 14. Ne5 Qe8 15. Qd3 a6 16. Bxc6 bxc6 17. Ne2 c5 18. Qc3 Ne4 19. Qa5 Qb5 20. Qxb5 axb5 21. c3 b4 22. Nc6 Bd6 23. Bxd6 cxd6 24. cxb4 cxb4 25. Nxb4 Ra4 26. Nd3 Rc8 27. f3 Nd2 28. Rfd1 Rc2 29. b3 Nxb3 30. axb3 Rxa1 31. Rxa1 Rxe2 32. Rd1 Bf5 33. Kf1 Re3 34. Nc1 Rc3 35. Ne2 Rxb3 36. Nf4 Be6 37. Ke2 g5 38. Nh5 Rb2+ 39. Rd2 Rxd2+ 40. Kxd2 f5 41. h3 f4 42. h4 Bf7 43. Nf6+ Kg7 44. hxg5 hxg5 45. Ng4 Be6 46. Ke2 Kg6 47. Kf2 Bxg4 48. fxg4 Kf6 49. g3 Kg6 50. Kg2 Kf6 51. Kf3 fxg3 52. Kxg3 Ke7 53. Kf3 Kd7 54. Ke3 Kc6 55. Kd3 Kb5 56. Kc3 Ka4 57. Kd2 Kb4 58. Kd3 Kb3 59. Kd2 Kc4 60. Kc2 Kxd4 61. Kd2 Ke4 62. Ke2 d4 63. Kd2 d3 64. Kd1 Ke3 65. Ke1 d2+ 66. Kd1 d5 67. Kc2 Ke2 68. Kc3 d1Q 69. Kb4 Qc2 70. Kb5 Qc3 71. Kb6 Qc4 72. Kb7 Qc5 73. Ka6 Qb4 74. Ka7 Kd3 75. Ka6 Kc4 0-1

[Event "SVK-ch U10"]
[Site "Stara Lubovna"]
[Date "2014.04.07"]
[Round "4"]
[White "Gyerpal, Adrian"]
[Black "Valigursky, Michal"]
[Result "0-1"]
[WhiteElo "1232"]
[BlackElo "1299"]
[PlyCount "120"]
[EventDate "2014.04.05"]
[EventType "swiss"]
[EventRounds "9"]
[EventCountry "SVK"]
[SourceTitle "EXT 2016"]
[Source "ChessBase"]
[SourceDate "2015.10.08"]
[SourceVersion "1"]
[SourceVersionDate "2015.10.08"]
[SourceQuality "1"]

1. d4 d5 2. c4 c6 3. e3 Nf6 4. Nc3 e6 5. Nf3 Nbd7 6. Bd3 dxc4 7. Bxc4 b5 8. Bb3 Bb7 9. 0-0 a6 10. Bc2 Bd6 11. e4 Bb8 12. Bg5 Qc7 13. Qd3 c5 14. h3 c4 15. Qe3 0-0 16. Bh4 Ba7 17. e5 Nd5 18. Qe4 g6 19. Nxd5 Bxd5 20. Qe3 Bb8 21. Qh6 f5 22. Be7 Rf7 23. Bd6 Qb6 24. Ng5 Rg7 25. Bxb8 Rxb8 26. Rfd1 b4 27. Rab1 b3 28. axb3 cxb3 29. Bd3 a5 30. Bf1 a4 31. Ra1 Ra8 32. Nf3 Qb4 33. Qc1 Qb7 34. Be2 a3 35. Rxa3 Rxa3 36. bxa3 b2 37. Qb1 Be4 38. Bd3 Bxf3 39. gxf3 Qxf3 40. Bf1 Rf7 41. Rd3 Qb7 42. Rd2 f4 43. Rxb2 Qd5 44. Qd3 Rf5 45. f3 Rg5+ 46. Rg2 Rxg2+ 47. Bxg2 Nxe5 48. Qe4 Nc6 49. Qxf4 Nxd4 50. Qb8+ Kf7 51. Qc7+ Kg8 52. Qb8+ Kg7 53. Qc7+ Kh6 54. Qf4+ g5 55. Qf6+ Kh5 56. Qf7+ Kh4 57. Qxh7+ Kg3 58. Qh5 Ne2+ 59. Kh1 Qd1+ 60. Bf1 Qxf1# 0-1

[Event "SVK-chT5 SE-SI 1314"]
[Site "Slovakia"]
[Date "2013.10.19"]
[Round "1.2"]
[White "Valigursky, Michal"]
[Black "Filipek, Norbert"]
[Result "1-0"]
[WhiteElo "1299"]
[BlackElo "1291"]
[PlyCount "107"]
[EventDate "2013.10.19"]
[EventType "team-tourn"]
[EventRounds "11"]
[EventCountry "SVK"]
[SourceTitle "EXT 2022"]
[Source "ChessBase"]
[SourceDate "2021.10.06"]
[SourceVersion "1"]
[SourceVersionDate "2021.10.06"]
[SourceQuality "1"]
[WhiteTeam "Stefanov III"]
[BlackTeam "Stefanov II"]
[WhiteTeamCountry "SVK"]
[BlackTeamCountry "SVK"]

1. e4 c5 2. Nf3 e6 3. Bc4 d6 4. 0-0 Be7 5. d4 Nf6 6. Nc3 d5 7. Bb5+ Nc6 8. Ne5 Bd7 9. Bxc6 Bxc6 10. Nxc6 bxc6 11. e5 Ne4 12. Be3 0-0 13. Nxe4 cxd4 14. Qxd4 dxe4 15. Qxe4 Qc7 16. f4 Rab8 17. b3 Rb5 18. Rfd1 f5 19. exf6 Bxf6 20. Qxe6+ Kh8 21. Rab1 Be7 22. Rd7 Qa5 23. Rxe7 Qxa2 24. Rf1 Qxc2 25. Re8 Rb8 26. Rxf8+ Rxf8 27. Bxa7 h6 28. f5 Rd8 29. f6 Rd2 30. Bf2 gxf6 31. Qxf6+ Kh7 32. Qf7+ Kh8 33. Bd4+ Rxd4 34. Qf6+ Kg8 35. Qxd4 c5 36. Qd8+ Kg7 37. Qf8+ Kg6 38. Qg8+ Kh5 39. h3 Qe4 40. Qg4+ Qxg4 41. hxg4+ Kxg4 42. Rc1 h5 43. Rxc5 h4 44. b4 h3 45. gxh3+ Kxh3 46. b5 Kg3 47. b6 Kf4 48. b7 Ke4 49. b8Q Kd4 50. Qd6+ Ke4 51. Re5+ Kf3 52. Qf6+ Kg4 53. Rg5+ Kh4 54. Qh6# 1-0

[Event "SVK-ch U10"]
[Site "Lubovna"]
[Date "2013.04.13"]
[Round "9"]
[White "Valigursky, Michal"]
[Black "Ulehla, Jakub"]
[Result "1-0"]
[WhiteElo "1159"]
[BlackElo "1000"]
[PlyCount "71"]
[EventDate "2013.04.06"]
[EventType "swiss"]
[EventRounds "9"]
[EventCountry "SVK"]
[SourceTitle "CBM 153 Extra"]
[Source "ChessBase"]
[SourceDate "2013.04.22"]
[SourceVersion "1"]
[SourceVersionDate "2013.04.22"]
[SourceQuality "1"]

1. e4 e5 2. Nf3 Nc6 3. Bc4 Nf6 4. Ng5 d5 5. exd5 Na5 6. Bb5+ c6 7. dxc6 bxc6 8. Be2 Bc5 9. c3 Nb7 10. 0-0 0-0 11. d3 Bf5 12. Be3 Qd7 13. Bxc5 Nxc5 14. d4 exd4 15. cxd4 Nb7 16. Qd2 Bxb1 17. Raxb1 Rfd8 18. Rfd1 c5 19. Nf3 cxd4 20. Nxd4 Ne4 21. Qe3 Nbc5 22. b4 Na4 23. Nb5 Qe7 24. f3 Rxd1+ 25. Rxd1 f5 26. fxe4 fxe4 27. Qb3+ Kh8 28. Qxa4 Qg5 29. Qb3 a6 30. Nd6 Rf8 31. Nf7+ Rxf7 32. Qxf7 Qe3+ 33. Kf1 h6 34. Rd8+ Kh7 35. Qf5+ g6 36. Qf7# 1-0